01067 2200337 4500001002100000005001500021035002000036007000300056008004100059020002200100040002200122082001700144084001900161090002300180090002200203100002600225245011400251250002600365300005200391650003400443700002600477700002900503850001200532504003100544264003600575336002100611337003000632338002300662999002200685990002200707INLIS00000000085777820210505075911 a0010-0321000801ta210325s2019 yoia g ind d a978-623-228-213-1 aYOPDYOGbinderda04223a658.1511 a658.1511 SIF p aDEP 658.1511 SIF p aCB-D.11 2019-35980 aSifa Fauziahepenulis10aPenerapan aplikasi komputer akuntansi dengan ABSS premier V.20 /cSifa Fauziah, Wati Erawati, Lila Dini Utami aCetakan pertama, 2019 axxvi, 315 halaman :bilustrasi, gambar ;c24 cm 4aSistem informasi--xAkuntansi0 aWati Erawatiepenulis0 aLila Dini Utamiepenulis aYOPDYOG aBibliografi: halaman [316]31aYogyakarta :bGraha Ilmu,c2019 2rdacontentateks 2rdamediaatanpa perantara 2rdacarrieravolume aCB-D.11/2019-3598 aCB-D.11/2019-3598